Manorama year book 1991. (Record no. 94271)
[ view plain ]
| 000 -LEADER | |
|---|---|
| fixed length control field | 00348nam a2200133Ia 4500 |
| 008 - FIXED-LENGTH DATA ELEMENTS--GENERAL INFORMATION | |
| fixed length control field | 210210b1991 xxu||||| |||| 00| 0 eng d |
| 082 ## - DEWEY DECIMAL CLASSIFICATION NUMBER | |
| Classification number | 032.02 MANO |
| 100 ## - MAIN ENTRY--PERSONAL NAME | |
| Personal name | MANORAMA YEAR BOOK. |
| 245 ## - TITLE STATEMENT | |
| Title | Manorama year book 1991. |
| 260 ## - PUBLICATION, DISTRIBUTION, ETC. | |
| Place of publication, distribution, etc. | Kerala. |
| Name of publisher, distributor, etc. | Manorama publishing House., |
| Date of publication, distribution, etc. | 1991 |
| 300 ## - PHYSICAL DESCRIPTION | |
| Extent | 800 |
| 690 ## - LOCAL SUBJECT ADDED ENTRY--TOPICAL TERM (OCLC, RLIN) | |
| Topical term or geographic name as entry element | General Knowledge |
| 906 ## - LOCAL DATA ELEMENT F, LDF (RLIN) | |
| a | 044575 |
| Withdrawn status | Lost status | Damaged status | Not for loan | Collection code | Home library | Current library | Shelving location | Date acquired | Cost, normal purchase price | Total Checkouts | Full call number | Barcode | Date last seen | Price effective from | Koha item type |
|---|---|---|---|---|---|---|---|---|---|---|---|---|---|---|---|
| St Aloysius Library | St Aloysius Library | 02/17/2021 | 35.00 | 032.02 MANO | 044575 | 02/17/2021 | 02/17/2021 | Book |